[Event "2nd Easter 4NCL Congress"]
[Site "Daventry"]
[Date "2022.04.16"]
[Round "2"]
[Board "19"]
[White "Varley, Joe"]
[Black "Ackley, Peter Je"]
[Result "1/2-1/2"]
[WhiteElo "2008"]
[BlackElo "2156"]
[PlyCount "0"]
[EventDate "2022.04.15"]
[EventRounds "7"]
[EventCountry "ENG"]

1. e4 {[%clk 01:30:53]} {[%emt 00:00:05]} d6 {[%clk 01:30:59]} {[%emt
00:00:03]} 2. d4 {[%clk 01:31:16]} {[%emt 00:00:07]} Nf6 {[%clk 01:31:25]}
{[%emt 00:00:03]} 3. Nc3 {[%clk 01:31:38]} {[%emt 00:00:09]} g6 {[%clk
01:31:52]} {[%emt 00:00:03]} 4. Nf3 {[%clk 01:30:37]} {[%emt 00:01:30]} Bg7
{[%clk 01:32:17]} {[%emt 00:00:06]} 5. Bd3 {[%clk 01:30:08]} {[%emt 00:00:58]}
O-O {[%clk 01:32:13]} {[%emt 00:00:35]} 6. O-O {[%clk 01:30:04]} {[%emt
00:00:33]} Bg4 {[%clk 01:32:05]} {[%emt 00:00:39]} 7. Be3 {[%clk 01:28:52]}
{[%emt 00:01:42]} Nc6 {[%clk 01:31:11]} {[%emt 00:01:24]} 8. h3 {[%clk
01:25:59]} {[%emt 00:03:22]} Bxf3 {[%clk 01:31:31]} {[%emt 00:00:11]} 9. Qxf3
{[%clk 01:26:19]} {[%emt 00:00:09]} e5 {[%clk 01:31:56]} {[%emt 00:00:06]} 10.
Ne2 {[%clk 01:21:33]} {[%emt 00:05:16]} d5 {[%clk 01:23:01]} {[%emt 00:09:25]}
11. c3 {[%clk 00:59:51]} {[%emt 00:22:11]} exd4 {[%clk 00:55:34]} {[%emt
00:27:58]} 12. Nxd4 {[%clk 00:59:25]} {[%emt 00:00:56]} Ne5 {[%clk 00:55:23]}
{[%emt 00:00:41]} 13. Qe2 {[%clk 00:58:24]} {[%emt 00:01:29]} Nxd3 {[%clk
00:51:24]} {[%emt 00:04:30]} 14. Qxd3 {[%clk 00:58:45]} {[%emt 00:00:08]} Nxe4
{[%clk 00:48:13]} {[%emt 00:03:42]} 15. Qb5 {[%clk 00:56:00]} {[%emt 00:03:15]}
Rb8 {[%clk 00:40:32]} {[%emt 00:08:11]} 16. Rad1 {[%clk 00:55:58]} {[%emt
00:00:32]} c6 {[%clk 00:38:12]} {[%emt 00:02:51]} 17. Qa4 {[%clk 00:53:18]}
{[%emt 00:03:10]} Qc7 {[%clk 00:34:40]} {[%emt 00:04:01]} 18. Nf3 {[%clk
00:48:47]} {[%emt 00:05:01]} a6 {[%clk 00:29:28]} {[%emt 00:05:42]} 19. Qc2
{[%clk 00:43:10]} {[%emt 00:06:07]} b5 {[%clk 00:27:24]} {[%emt 00:02:35]} 20.
Nd2 {[%clk 00:39:58]} {[%emt 00:03:42]} Nxd2 {[%clk 00:25:24]} {[%emt
00:02:30]} 21. Rxd2 {[%clk 00:40:17]} {[%emt 00:00:10]} Rfe8 {[%clk 00:23:16]}
{[%emt 00:02:38]} 22. b4 {[%clk 00:40:02]} {[%emt 00:00:46]} Re4 {[%clk
00:22:24]} {[%emt 00:01:21]} 23. Re2 {[%clk 00:36:30]} {[%emt 00:04:02]} Rbe8
{[%clk 00:19:25]} {[%emt 00:03:29]} 24. Rfe1 {[%clk 00:35:23]} {[%emt
00:01:37]} Qd7 {[%clk 00:15:30]} {[%emt 00:04:25]} 25. Bd4 {[%clk 00:32:19]}
{[%emt 00:03:34]} f5 {[%clk 00:10:11]} {[%emt 00:05:49]} 26. f3 {[%clk
00:30:12]} {[%emt 00:02:37]} Bxd4+ {[%clk 00:06:09]} {[%emt 00:04:32]} 27. cxd4
{[%clk 00:30:31]} {[%emt 00:00:11]} Rxe2 {[%clk 00:06:35]} {[%emt 00:00:05]} 28.
Rxe2 {[%clk 00:30:53]} {[%emt 00:00:06]} Rxe2 {[%clk 00:06:44]} {[%emt
00:00:22]} 29. Qxe2 {[%clk 00:31:15]} {[%emt 00:00:09]} Kf7 {[%clk 00:07:07]}
{[%emt 00:00:06]} 30. Qe5 {[%clk 00:29:32]} {[%emt 00:02:13]} Qe7 {[%clk
00:06:34]} {[%emt 00:01:03]} 31. Qxe7+ {[%clk 00:28:44]} {[%emt 00:01:19]} Kxe7
{[%clk 00:06:45]} {[%emt 00:00:19]}  1/2-1/2

[Event "2nd Easter 4NCL Congress"]
[Site "Daventry"]
[Date "2022.04.16"]
[Round "2"]
[Board "21"]
[White "Handley, Michael R"]
[Black "Sandhu, Manvith"]
[Result "1/2-1/2"]
[WhiteElo "2064"]
[BlackElo "1903"]
[PlyCount "0"]
[EventDate "2022.04.15"]
[EventRounds "7"]
[EventCountry "ENG"]

1. d4 {[%clk 01:30:59]} {[%emt 00:00:01]} d5 {[%clk 01:30:53]} {[%emt
00:00:07]} 2. c4 {[%clk 01:31:25]} {[%emt 00:00:04]} c6 {[%clk 01:31:21]}
{[%emt 00:00:03]} 3. cxd5 {[%clk 01:31:49]} {[%emt 00:00:05]} cxd5 {[%clk
01:31:42]} {[%emt 00:00:09]} 4. Bf4 {[%clk 01:32:16]} {[%emt 00:00:03]} Nf6
{[%clk 01:31:54]} {[%emt 00:00:18]} 5. Nc3 {[%clk 01:32:41]} {[%emt 00:00:04]}
Nc6 {[%clk 01:30:25]} {[%emt 00:02:00]} 6. e3 {[%clk 01:32:02]} {[%emt
00:01:08]} e6 {[%clk 01:22:40]} {[%emt 00:08:15]} 7. Bd3 {[%clk 01:32:14]}
{[%emt 00:00:19]} Bd6 {[%clk 01:22:07]} {[%emt 00:01:03]} 8. Bxd6 {[%clk
01:31:19]} {[%emt 00:01:26]} Qxd6 {[%clk 01:22:28]} {[%emt 00:00:08]} 9. f4
{[%clk 01:31:45]} {[%emt 00:00:03]} O-O {[%clk 01:19:33]} {[%emt 00:03:26]} 10.
Nf3 {[%clk 01:30:08]} {[%emt 00:02:08]} a6 {[%clk 01:09:19]} {[%emt 00:10:44]}
11. O-O {[%clk 01:26:48]} {[%emt 00:03:49]} b5 {[%clk 01:08:42]} {[%emt
00:01:07]} 12. Rc1 {[%clk 01:26:56]} {[%emt 00:00:22]} Bb7 {[%clk 01:08:17]}
{[%emt 00:00:55]} 13. Ne5 {[%clk 01:26:42]} {[%emt 00:00:45]} Ne7 {[%clk
01:03:15]} {[%emt 00:05:31]} 14. Qf3 {[%clk 01:14:45]} {[%emt 00:12:28]} Nf5
{[%clk 00:55:40]} {[%emt 00:08:05]} 15. g4 {[%clk 00:54:30]} {[%emt 00:20:45]}
Nh4 {[%clk 00:54:47]} {[%emt 00:01:22]} 16. Qg3 {[%clk 00:53:50]} {[%emt
00:01:11]} Ng6 {[%clk 00:54:39]} {[%emt 00:00:37]} 17. Rc2 {[%clk 00:42:16]}
{[%emt 00:12:05]} Ne4 {[%clk 00:50:36]} {[%emt 00:04:33]} 18. Bxe4 {[%clk
00:37:38]} {[%emt 00:05:08]} dxe4 {[%clk 00:50:59]} {[%emt 00:00:07]} 19. f5
{[%clk 00:33:31]} {[%emt 00:04:37]} Nxe5 {[%clk 00:49:16]} {[%emt 00:02:12]} 20.
dxe5 {[%clk 00:33:34]} {[%emt 00:00:27]} Qd3 {[%clk 00:42:02]} {[%emt
00:07:44]} 21. Rg2 {[%clk 00:32:43]} {[%emt 00:01:22]} Bd5 {[%clk 00:34:44]}
{[%emt 00:07:48]} 22. Rd1 {[%clk 00:20:24]} {[%emt 00:12:48]} Qc4 {[%clk
00:34:57]} {[%emt 00:00:17]} 23. Qh4 {[%clk 00:19:08]} {[%emt 00:01:46]} Qc7
{[%clk 00:28:46]} {[%emt 00:06:40]} 24. Qg3 {[%clk 00:19:33]} {[%emt 00:00:06]}
Rad8 {[%clk 00:26:20]} {[%emt 00:02:57]} 25. Rgd2 {[%clk 00:17:12]} {[%emt
00:02:51]} Bb7 {[%clk 00:19:54]} {[%emt 00:06:56]} 26. Rxd8 {[%clk 00:12:17]}
{[%emt 00:05:25]} Rxd8 {[%clk 00:20:15]} {[%emt 00:00:09]} 27. Rxd8+ {[%clk
00:12:33]} {[%emt 00:00:14]} Qxd8 {[%clk 00:20:38]} {[%emt 00:00:07]} 28. fxe6
{[%clk 00:10:00]} {[%emt 00:03:03]} fxe6 {[%clk 00:20:46]} {[%emt 00:00:21]} 29.
Qf2 {[%clk 00:09:23]} {[%emt 00:01:07]} Qg5 {[%clk 00:14:40]} {[%emt 00:06:34]}
30. Qf4 {[%clk 00:09:35]} {[%emt 00:00:20]} Qh4 {[%clk 00:12:34]} {[%emt
00:02:34]} 31. Kf1 {[%clk 00:06:09]} {[%emt 00:03:57]} Qh3+ {[%clk 00:06:26]}
{[%emt 00:06:38]} 32. Kf2 {[%clk 00:05:51]} {[%emt 00:00:49]} Qh4+ {[%clk
00:05:00]} {[%emt 00:01:56]} 33. Kf1 {[%clk 00:04:12]} {[%emt 00:02:08]} Qh3+
{[%clk 00:05:12]} {[%emt 00:00:19]}  1/2-1/2

[Event "2nd Easter 4NCL Congress"]
[Site "Daventry"]
[Date "2022.04.16"]
[Round "2"]
[Board "22"]
[White "Liu, Jack"]
[Black "Gardiner, Eric D"]
[Result "1-0"]
[WhiteElo "1913"]
[BlackElo "2063"]
[PlyCount "0"]
[EventDate "2022.04.15"]
[EventRounds "7"]
[EventCountry "ENG"]

1. e4 {[%clk 01:30:53]} {[%emt 00:00:05]} e6 {[%clk 01:30:54]} {[%emt
00:00:07]} 2. d4 {[%clk 01:31:18]} {[%emt 00:00:06]} d5 {[%clk 01:31:19]}
{[%emt 00:00:04]} 3. Nc3 {[%clk 01:31:43]} {[%emt 00:00:04]} Nf6 {[%clk
01:31:28]} {[%emt 00:00:22]} 4. Bg5 {[%clk 01:32:07]} {[%emt 00:00:06]} Bb4
{[%clk 01:31:48]} {[%emt 00:00:11]} 5. e5 {[%clk 01:32:03]} {[%emt 00:00:33]}
h6 {[%clk 01:32:08]} {[%emt 00:00:10]} 6. Be3 {[%clk 01:24:01]} {[%emt
00:08:32]} Ne4 {[%clk 01:32:02]} {[%emt 00:00:37]} 7. Qg4 {[%clk 01:13:23]}
{[%emt 00:11:08]} g6 {[%clk 01:27:16]} {[%emt 00:05:16]} 8. a3 {[%clk
01:12:18]} {[%emt 00:01:34]} Bxc3+ {[%clk 01:26:16]} {[%emt 00:01:30]} 9. bxc3
{[%clk 01:12:42]} {[%emt 00:00:06]} c5 {[%clk 01:20:22]} {[%emt 00:06:24]} 10.
Bd3 {[%clk 01:04:12]} {[%emt 00:08:59]} h5 {[%clk 01:15:46]} {[%emt 00:05:06]}
11. Qf3 {[%clk 00:53:47]} {[%emt 00:10:56]} Nxc3 {[%clk 01:03:37]} {[%emt
00:12:39]} 12. Nh3 {[%clk 00:43:14]} {[%emt 00:11:03]} cxd4 {[%clk 00:57:47]}
{[%emt 00:06:21]} 13. Bg5 {[%clk 00:24:46]} {[%emt 00:18:57]} Qc7 {[%clk
00:43:12]} {[%emt 00:15:04]} 14. Qf6 {[%clk 00:24:15]} {[%emt 00:01:02]} Rg8
{[%clk 00:43:13]} {[%emt 00:00:29]} 15. O-O {[%clk 00:15:50]} {[%emt 00:08:55]}
Nc6 {[%clk 00:36:22]} {[%emt 00:07:21]} 16. Rfe1 {[%clk 00:16:05]} {[%emt
00:00:16]} b6 {[%clk 00:29:20]} {[%emt 00:07:31]} 17. Bh4 {[%clk 00:14:46]}
{[%emt 00:01:49]} Bb7 {[%clk 00:15:58]} {[%emt 00:13:51]} 18. Ng5 {[%clk
00:14:00]} {[%emt 00:01:16]} Qe7 {[%clk 00:08:35]} {[%emt 00:07:54]} 19. Qf4
{[%clk 00:14:01]} {[%emt 00:00:29]} O-O-O {[%clk 00:04:20]} {[%emt 00:04:45]}
20. Nxf7 {[%clk 00:13:19]} {[%emt 00:01:12]} g5 {[%clk 00:03:15]} {[%emt
00:01:35]} 21. Bxg5 {[%clk 00:13:30]} {[%emt 00:00:19]} Rxg5 {[%clk 00:03:32]}
{[%emt 00:00:14]} 22. Nxg5 {[%clk 00:13:56]} {[%emt 00:00:03]} Rf8 {[%clk
00:03:19]} {[%emt 00:00:43]} 23. Qg3 {[%clk 00:13:25]} {[%emt 00:01:01]} Na5
{[%emt 00:05:52]} 24. h4 {[%clk 00:09:24]} Nc4 {[%clk 00:02:27]} {[%emt
00:00:31]} 25. Nf3 {[%clk 00:08:24]} {[%emt 00:01:30]} Qc5 {[%clk 00:01:10]}
{[%emt 00:01:46]} 26. Qg6 {[%clk 00:08:05]} {[%emt 00:00:49]} Kd7 {[%clk
00:01:19]} {[%emt 00:00:22]} 27. Qh7+ {[%clk 00:06:15]} {[%emt 00:02:20]} Kc8
{[%clk 00:01:00]} {[%emt 00:00:49]} 28. Qxh5 {[%clk 00:06:17]} {[%emt
00:00:29]} Nxa3 {[%clk 00:01:16]} {[%emt 00:00:14]} 29. Qg4 {[%clk 00:06:07]}
{[%emt 00:00:39]} Kd7 {[%clk 00:01:05]} {[%emt 00:00:42]} 30. Qxd4 {[%clk
00:05:02]} {[%emt 00:01:34]} Nab5 {[%clk 00:00:50]} {[%emt 00:00:46]} 31. Qxc5
{[%clk 00:05:22]} {[%emt 00:00:10]} bxc5 {[%clk 00:01:15]} {[%emt 00:00:04]} 32.
Bxb5+ {[%clk 00:04:56]} {[%emt 00:00:57]} Nxb5 {[%clk 00:01:43]} {[%emt
00:00:01]} 33. Reb1 {[%clk 00:05:18]} {[%emt 00:00:08]} a6 {[%clk 00:01:40]}
{[%emt 00:00:33]} 34. Re1 {[%clk 00:03:04]} {[%emt 00:02:44]} d4 {[%clk
00:01:31]} {[%emt 00:00:40]} 35. Ng5 {[%clk 00:03:18]} {[%emt 00:00:15]} Nc3
{[%clk 00:01:00]} {[%emt 00:01:01]} 36. Ra5 {[%clk 00:02:28]} {[%emt 00:01:20]}
Rc8 {[%clk 00:01:06]} {[%emt 00:00:25]} 37. Nf7 {[%clk 00:01:46]} {[%emt
00:01:11]} Nb5 {[%clk 00:01:11]} {[%emt 00:00:25]} 38. g3 {[%clk 00:00:56]}
{[%emt 00:01:21]} Kc6 {[%clk 00:01:05]} {[%emt 00:00:35]} 39. Ng5 {[%clk
00:01:14]} {[%emt 00:00:12]} Kd5 {[%clk 00:01:14]} {[%emt 00:00:21]} 40. Ne4
{[%clk 00:00:47]} {[%emt 00:00:57]} Kc6 {[%clk 00:00:38]} {[%emt 00:01:06]} 41.
Nf6 {[%clk 00:00:47]} {[%emt 00:00:31]} Kb6 {[%clk 00:00:52]} {[%emt 00:00:16]}
42. Raa1 {[%clk 00:01:09]} {[%emt 00:00:08]} c4 {[%clk 00:00:58]} {[%emt
00:00:23]} 43. h5 {[%clk 00:01:05]} {[%emt 00:00:34]} d3 {[%clk 00:00:50]}
{[%emt 00:00:38]} 44. cxd3 {[%clk 00:01:24]} {[%emt 00:00:12]} cxd3 {[%clk
00:01:18]} {[%emt 00:00:02]} 45. Rad1 {[%clk 00:00:39]} {[%emt 00:01:15]} Rd8
{[%clk 00:01:19]} {[%emt 00:00:28]} 46. Rd2 {[%clk 00:01:01]} {[%emt 00:00:09]}
Nc3 {[%clk 00:00:48]} {[%emt 00:01:00]} 47. Re3 {[%clk 00:01:10]} {[%emt
00:00:22]} Ne2+ {[%clk 00:00:38]} {[%emt 00:00:39]} 48. Kh2 {[%clk 00:01:22]}
{[%emt 00:00:19]} Nc1 {[%clk 00:00:37]} {[%emt 00:00:31]} 49. h6 {[%clk
00:01:35]} {[%emt 00:00:17]} Kc5 {[%clk 00:00:54]} {[%emt 00:00:12]} 50. h7
{[%clk 00:01:03]} {[%emt 00:01:02]} Rh8 {[%clk 00:01:16]} {[%emt 00:00:08]} 51.
Rd1 {[%clk 00:00:38]} {[%emt 00:00:56]}  1-0

[Event "2nd Easter 4NCL Congress"]
[Site "Daventry"]
[Date "2022.04.16"]
[Round "2"]
[Board "23"]
[White "Miller, George I"]
[Black "Shearsby, Jude"]
[Result "0-1"]
[WhiteElo "1864"]
[BlackElo "2053"]
[PlyCount "0"]
[EventDate "2022.04.15"]
[EventRounds "7"]
[EventCountry "ENG"]

1. e4 {[%clk 01:30:30]} {[%emt 01:12:22]} c5 {[%clk 01:29:09]} {[%emt
00:01:55]} 2. Nc3 {[%clk 01:31:22]} {[%emt 00:00:06]} Nc6 {[%clk 01:29:32]}
{[%emt 00:00:08]} 3. Nf3 {[%clk 01:31:45]} {[%emt 00:00:06]} g6 {[%clk
01:29:48]} {[%emt 00:00:13]} 4. d4 {[%clk 01:32:11]} {[%emt 00:00:05]} Bg7
{[%clk 01:24:37]} {[%emt 00:05:41]} 5. Be3 {[%clk 01:30:48]} {[%emt 00:01:53]}
Qa5 {[%clk 01:14:40]} {[%emt 00:10:27]} 6. Bc4 {[%clk 01:29:46]} {[%emt
00:01:32]} Nf6 {[%clk 01:10:37]} {[%emt 00:04:34]} 7. O-O {[%clk 01:29:34]}
{[%emt 00:00:41]} d6 {[%clk 01:08:50]} {[%emt 00:02:18]} 8. h3 {[%clk
01:26:23]} {[%emt 00:03:39]} cxd4 {[%clk 01:08:07]} {[%emt 00:01:14]} 9. Nxd4
{[%clk 01:26:17]} {[%emt 00:00:36]} O-O {[%clk 01:03:56]} {[%emt 00:04:38]} 10.
Bb3 {[%clk 01:17:36]} {[%emt 00:09:14]} Bd7 {[%clk 01:01:10]} {[%emt 00:03:16]}
11. Nde2 {[%clk 01:11:27]} {[%emt 00:06:38]} Rac8 {[%clk 00:56:18]} {[%emt
00:05:23]} 12. Qd2 {[%clk 01:10:38]} {[%emt 00:01:18]} b5 {[%clk 00:44:05]}
{[%emt 00:12:45]} 13. Ng3 {[%clk 01:06:40]} {[%emt 00:04:26]} Rfd8 {[%clk
00:30:54]} {[%emt 00:13:41]} 14. f4 {[%clk 01:03:22]} {[%emt 00:03:48]} b4
{[%clk 00:23:44]} {[%emt 00:07:42]} 15. Nd1 {[%clk 00:48:59]} {[%emt 00:14:53]}
Qb5 {[%clk 00:22:26]} {[%emt 00:01:48]} 16. Qd3 {[%clk 00:44:12]} {[%emt
00:05:17]} Na5 {[%clk 00:20:11]} {[%emt 00:02:45]} 17. Bxa7 {[%clk 00:41:59]}
{[%emt 00:02:42]} Qxd3 {[%clk 00:19:33]} {[%emt 00:01:09]} 18. cxd3 {[%clk
00:40:56]} {[%emt 00:01:32]} Nxb3 {[%clk 00:17:16]} {[%emt 00:02:49]} 19. axb3
{[%emt 00:00:51]} Rc2 {[%clk 00:17:02]} 20. Bd4 {[%clk 00:40:51]} {[%emt
00:00:53]} Nxe4 {[%clk 00:13:04]} {[%emt 00:04:31]} 21. Bxg7 {[%clk 00:39:05]}
{[%emt 00:02:16]} Nxg3 {[%clk 00:13:09]} {[%emt 00:00:26]} 22. Rf2 {[%clk
00:39:26]} {[%emt 00:00:07]} Rxf2 {[%clk 00:12:15]} {[%emt 00:01:24]} 23. Kxf2
{[%clk 00:39:53]} {[%emt 00:00:03]} Nh1+ {[%clk 00:12:28]} {[%emt 00:00:17]} 24.
Kg1 {[%clk 00:39:27]} {[%emt 00:00:56]} Kxg7 {[%clk 00:12:54]} {[%emt
00:00:06]} 25. Kxh1 {[%clk 00:39:48]} {[%emt 00:00:07]} Be6 {[%clk 00:12:12]}
{[%emt 00:01:13]} 26. Ne3 {[%clk 00:38:30]} {[%emt 00:01:48]} Bxb3 {[%clk
00:11:33]} {[%emt 00:01:10]} 27. Ra7 {[%clk 00:38:46]} {[%emt 00:00:13]} e5
{[%clk 00:11:34]} {[%emt 00:00:29]} 28. f5 {[%clk 00:38:24]} {[%emt 00:00:52]}
gxf5 {[%clk 00:08:54]} {[%emt 00:03:11]} 29. Nxf5+ {[%clk 00:38:47]} {[%emt
00:00:06]} Kf6 {[%clk 00:09:19]} {[%emt 00:00:06]} 30. Ne3 {[%clk 00:39:13]}
{[%emt 00:00:04]} Be6 {[%clk 00:08:32]} {[%emt 00:01:16]} 31. Rb7 {[%clk
00:39:25]} {[%emt 00:00:18]} b3 {[%clk 00:08:53]} {[%emt 00:00:10]} 32. Nc4
{[%clk 00:39:48]} {[%emt 00:00:06]} Bxc4 {[%clk 00:06:54]} {[%emt 00:02:29]} 33.
dxc4 {[%clk 00:40:10]} {[%emt 00:00:07]} e4 {[%clk 00:07:20]} {[%emt 00:00:05]}
34. Rxb3 {[%clk 00:40:23]} {[%emt 00:00:17]} Ke5 {[%clk 00:07:38]} {[%emt
00:00:12]} 35. Kg1 {[%clk 00:40:35]} {[%emt 00:00:18]} Kd4 {[%clk 00:08:00]}
{[%emt 00:00:07]} 36. Kf2 {[%clk 00:40:51]} {[%emt 00:00:15]} Kxc4 {[%clk
00:08:03]} {[%emt 00:00:27]} 37. Rb7 {[%clk 00:41:12]} {[%emt 00:00:10]} Kd3
{[%clk 00:08:15]} {[%emt 00:00:17]} 38. Rb3+ {[%clk 00:41:15]} {[%emt
00:00:27]} Kd2 {[%clk 00:08:32]} {[%emt 00:00:14]} 39. Re3 {[%clk 00:39:37]}
{[%emt 00:02:06]} d5 {[%clk 00:08:35]} {[%emt 00:00:27]} 40. Re2+ {[%clk
00:40:03]} {[%emt 00:00:04]} Kd3 {[%clk 00:08:20]} {[%emt 00:00:46]} 41. Re3+
{[%clk 00:40:16]} {[%emt 00:00:16]} Kc4 {[%clk 00:08:18]} {[%emt 00:00:33]} 42.
Rc3+ {[%clk 00:39:51]} {[%emt 00:00:55]} Kd4 {[%clk 00:08:29]} {[%emt
00:00:18]} 43. Rc7 {[%clk 00:40:04]} {[%emt 00:00:18]} f5 {[%clk 00:07:46]}
{[%emt 00:01:13]} 44. g4 {[%clk 00:40:10]} {[%emt 00:00:24]} f4 {[%clk
00:07:46]} {[%emt 00:00:31]} 45. Rxh7 {[%clk 00:40:35]} {[%emt 00:00:04]} e3+
{[%clk 00:08:14]} {[%emt 00:00:03]} 46. Kf3 {[%clk 00:40:51]} {[%emt 00:00:13]}
Re8 {[%clk 00:08:36]} {[%emt 00:00:08]} 47. Ke2 {[%clk 00:39:50]} {[%emt
00:01:31]} f3+ {[%clk 00:08:49]} {[%emt 00:00:18]} 48. Kd1 {[%clk 00:40:13]}
{[%emt 00:00:05]} e2+ {[%clk 00:09:15]} {[%emt 00:00:05]}  0-1

[Event "2nd Easter 4NCL Congress"]
[Site "Daventry"]
[Date "2022.04.16"]
[Round "2"]
[Board "24"]
[White "Southcott-Moyers, Indy"]
[Black "Cordova Lopez, Diego Anton"]
[Result "1-0"]
[WhiteElo "2052"]
[BlackElo "1896"]
[PlyCount "0"]
[EventDate "2022.04.15"]
[EventRounds "7"]
[EventCountry "ENG"]

1. d4 {[%clk 01:30:57]} {[%emt 00:00:02]} d5 {[%clk 01:30:55]} {[%emt
00:00:05]} 2. c4 {[%clk 01:31:22]} {[%emt 00:00:05]} e6 {[%clk 01:31:20]}
{[%emt 00:00:05]} 3. Nc3 {[%clk 01:31:39]} {[%emt 00:00:13]} a6 {[%clk
01:31:45]} {[%emt 00:00:05]} 4. cxd5 {[%clk 01:32:01]} {[%emt 00:00:09]} exd5
{[%clk 01:32:09]} {[%emt 00:00:06]} 5. Nf3 {[%clk 01:32:13]} {[%emt 00:00:18]}
Nf6 {[%clk 01:32:33]} {[%emt 00:00:05]} 6. Bg5 {[%clk 01:30:52]} {[%emt
00:01:52]} Be6 {[%clk 01:32:52]} {[%emt 00:00:11]} 7. e3 {[%clk 01:28:01]}
{[%emt 00:03:21]} Nbd7 {[%clk 01:33:02]} {[%emt 00:00:20]} 8. Bd3 {[%clk
01:25:58]} {[%emt 00:02:32]} Bd6 {[%clk 01:32:21]} {[%emt 00:01:11]} 9. Bh4
{[%clk 01:24:54]} {[%emt 00:01:34]} O-O {[%clk 01:32:00]} {[%emt 00:00:52]} 10.
Qc2 {[%clk 01:23:48]} {[%emt 00:01:35]} Qb8 {[%clk 01:30:19]} {[%emt 00:02:11]}
11. Ng5 {[%clk 01:20:37]} {[%emt 00:03:40]} h6 {[%clk 01:27:47]} {[%emt
00:03:02]} 12. Nxe6 {[%clk 01:20:19]} {[%emt 00:00:49]} fxe6 {[%clk 01:28:15]}
{[%emt 00:00:02]} 13. Bxf6 {[%clk 01:09:24]} {[%emt 00:11:24]} Nxf6 {[%clk
01:27:59]} {[%emt 00:00:46]} 14. h3 {[%clk 01:08:31]} {[%emt 00:01:23]} c6
{[%clk 01:26:18]} {[%emt 00:02:11]} 15. O-O {[%clk 01:02:44]} {[%emt 00:06:18]}
e5 {[%clk 01:18:45]} {[%emt 00:08:03]} 16. dxe5 {[%clk 01:02:43]} {[%emt
00:00:30]} Bxe5 {[%clk 01:19:06]} {[%emt 00:00:10]} 17. e4 {[%clk 01:01:41]}
{[%emt 00:01:32]} dxe4 {[%clk 01:14:39]} {[%emt 00:04:56]} 18. Nxe4 {[%clk
01:01:59]} {[%emt 00:00:12]} Nxe4 {[%clk 00:57:43]} {[%emt 00:17:27]} 19. Qc4+
{[%clk 01:02:02]} {[%emt 00:00:27]} Kh8 {[%clk 00:57:49]} {[%emt 00:00:23]} 20.
Qxe4 {[%clk 01:02:25]} {[%emt 00:00:08]} Kg8 {[%clk 00:54:52]} {[%emt
00:03:26]} 21. Rae1 {[%clk 00:52:14]} {[%emt 00:10:41]} Re8 {[%clk 00:45:35]}
{[%emt 00:09:47]} 22. Qh7+ {[%clk 00:49:36]} {[%emt 00:03:08]} Kf8 {[%clk
00:40:22]} {[%emt 00:05:44]} 23. Bc4 {[%clk 00:46:50]} {[%emt 00:03:16]} Qd6
{[%clk 00:40:01]} {[%emt 00:00:50]} 24. Rd1 {[%clk 00:44:27]} {[%emt 00:02:53]}
Bd4 {[%clk 00:32:20]} {[%emt 00:08:10]} 25. Qg8+ {[%clk 00:44:40]} {[%emt
00:00:18]} Ke7 {[%clk 00:32:43]} {[%emt 00:00:07]} 26. Qf7+ {[%clk 00:45:06]}
{[%emt 00:00:04]} Kd8 {[%clk 00:33:04]} {[%emt 00:00:09]} 27. Qxb7 {[%clk
00:45:24]} {[%emt 00:00:13]} Ra7 {[%clk 00:31:20]} {[%emt 00:02:14]} 28. Qxa7
{[%emt 00:01:18]}  1-0